ਮਲਟੀ ਵਿਟਾਮਿਨ: (Record no. 71398)

MARC details
000 -LEADER
fixed length control field 01081nam a22002657a 4500
005 - DATE AND TIME OF LATEST TRANSACTION
control field 2009080405165.0
008 - FIXED-LENGTH DATA ELEMENTS--GENERAL INFORMATION
fixed length control field 090728t xxu||||| |||| 00| 0 pun d
010 ## - LCCN (DPL NO)
LC control number PUN-7476
020 ## - INTERNATIONAL STANDARD BOOK NUMBER
Terms of availability 780.00
International Standard Book Number 9788179144619
035 ## - SYSTEM CONTROL NUMBER
System control number PN-6594
037 ## - SOURCE OF ACQUISITION
Source of stock number/acquisition DBAD / PUB/Tarlochan Publishers
040 ## - CATALOGING SOURCE
Original cataloging agency dpl
Language of cataloging PN
082 ## - DEWEY DECIMAL CLASSIFICATION NUMBER
Classification number 854
100 ## - MAIN ENTRY--PERSONAL NAME
9 (RLIN) 37323
245 ## - TITLE STATEMENT
Title ਮਲਟੀ ਵਿਟਾਮਿਨ:
Statement of responsibility, etc ਗੁਰਦਿਆਲ ਕੰਵਲ ਦ੍ਵਾਰਾ ਸੰਪਾਦਿਤ
Remainder of title ਪੰਜਾਬੀ ਸਾਹਿਤਕ ਵੰਨਗੀਆਂ ਦਾ ਕੇਪਸੂਲ /
246 ## - VARYING FORM OF TITLE
Title proper/short title Multi Vitamin
Remainder of title by Gurdiyal Kanwal
260 ## - PUBLICATION, DISTRIBUTION, ETC. (IMPRINT)
Place of publication, distribution, etc Delhi
Name of publisher, distributor, etc Tarlochan Publishers
Date of publication, distribution, etc 2012
270 ## - ADDRESS
City Shop No-7,12/190 ,Geeta Colony
Address Delhi
Telephone number 9312271252
Postal code 110031
Electronic mail address manpreet1948@gmail.com
300 ## - PHYSICAL DESCRIPTION
Extent 200ਪਂ;
Other physical details 22ਸੇਂਮੀ(ਸਜਿਲਦ)
650 ## - SUBJECT ADDED ENTRY--TOPICAL TERM
9 (RLIN) 37324
650 ## - SUBJECT ADDED ENTRY--TOPICAL TERM
9 (RLIN) 37325
700 ## - ADDED ENTRY--PERSONAL NAME
9 (RLIN) 53424
942 ## - ADDED ENTRY ELEMENTS (KOHA)
Source of classification or shelving scheme Dewey Decimal Classification
Item type Punjabi Bks
Classification part 854
Call number suffix ਮਲਟੀ
Holdings
Withdrawn status Lost status Source of classification or shelving scheme Damaged status Not for loan Collection code Home library Current library Date acquired Source of acquisition Cost, normal purchase price Total Checkouts Full call number Barcode Date last seen Copy number Cost, replacement price Koha item type
    Dewey Decimal Classification     Non-fiction D.B.Act.Division D.B.Act.Division 09/11/2012 DBAD / PUB 780.00   854 ਮਲਟੀ PN-6594 09/11/2012 1 780.00 Punjabi Bks

© Delhi Public Library
Hit Counter
free hit counter